00839nas a2200241 i 45000010005000000030009000050050017000140070003000310080041000340220014000750800008000892450054000972600078001513000030002293100012002593620051002715000114003226500036004367000043004727850048005158520022005638660012005851526ES-MaACL20250217134236.0t|950801d18901891sp w| | 1 ||pa d a9958-350X a5/603aLa Naturaleza / cdir. Ricardo Becerro de Bengoa. aMadrid : bFuentes y Capdeville, c1890-1891 (fM. Minuesa de los Ríos) a2 v. : bgrab. ; c30 cm. aSemanal0 aAño I, t. I (ene. 1890)-año II (jul. 1891) aFundida con : La gaceta industrial y Ciencia eléctrica, para formar, Naturaleza, ciencia e industria. 1891.14aIndustrias y profesiones varias1 aBecerro de Bengoa, Ricardo,d1845-190207aNaturaleza, ciencia e industria cJul. 1891 aES-MaACLjHem-644 0o1890-91